000 00294nam a22001337a 4500
008 181029b xxu||||| |||| 00| 0 eng d
020 _a9780312601485
041 _aeng
080 _27th
_a371
100 _a46
101 _aEDU
245 _aA Writer's Reference
_cHacker,D
942 _2udc
_cBK
999 _c50972
_d50972